[Event "Warsaw op (Women)"]
[Site "Warsaw"]
[Date "1996.??.??"]
[Round "8"]
[White "Chernikova, Svetlana"]
[Black "Szczygiel, Agnieszka"]
[Result "1-0"]
[WhiteElo "2090"]
[BlackElo "2080"]
[PlyCount "107"]
[EventDate "1996.??.??"]
[Source "www.chesslib.no"]
[SourceDate "2004.05.04"]

1. e4 e5 2. Nf3 Nc6 3. Bc4 Nf6 4. Ng5 d5 5. exd5 Na5 6. d3 Be7 7. d6 Qxd6 8. Bxf7+ Kf8 9. Bb3 Nxb3 10. axb3 Bg4 11. f3 Bh5 12. Nc3 h6 13. Nge4 Nxe4 14. Nxe4 Qb6 15. Qe2 Bh4+ 16. Nf2 Kf7 17. O-O Rhe8 18. Be3 Qc6 19. Ne4 Kg8 20. Bf2 Bxf2+ 21. Qxf2 a6 22. Qc5 Qd7 23. Ra4 b6 24. Qc3 Bf7 25. Rfa1 a5 26. b4 axb4 27. Qxb4 c5 28. Qa3 Rxa4 29. Qxa4 Qd5 30. Nc3 Qd8 31. Qe4 Qg5 32. Re1 Bg6 33. Qe3 Qd8 34. Ra1 Qd7 35. Ne4 Bxe4 36. Qxe4 Kh8 37. Ra8 b5 38. f4 Rxa8 39. Qxa8+ Kh7 40. Qe4+ Kg8 41. fxe5 Qe6 42. c4 Qa6 43. Kf2 Qa2 44. Qe2 bxc4 45. dxc4 Qa8 46. e6 Qf8+ 47. Qf3 Qb8 48. b3 Qb4 49. Qe3 Qa3 50. h3 Qb2+ 51. Kg3 Qf6 52. Qxc5 Qc3+ 53. Kh2 Qd2 54. Qc7 1-0

[Event "Corr"]
[Site "?"]
[Date "1996.??.??"]
[Round "?"]
[White "Michalek Josef Zdenko"]
[Black "Gamant Georges"]
[Result "1/2-1/2"]
[WhiteElo "2050"]
[BlackElo "2110"]
[PlyCount "37"]
[EventDate "1996.??.??"]
[Source "www.chesslib.no"]
[SourceDate "2004.05.04"]

1. e4 e5 2. Nf3 Nc6 3. Bc4 Nf6 4. Ng5 d5 5. exd5 Na5 6. d3 h6 7. Nf3 e4 8. Qe2 Nxc4 9. dxc4 Bc5 10. O-O O-O 11. Nfd2 Bg4 12. Qe1 Qd7 13. Nc3 Rfe8 14. Ndxe4 Nxe4 15. Nxe4 Qe7 16. h3 Qxe4 17. Qxe4 Rxe4 18. hxg4 Rxc4 19. g5 1/2-1/2

[Event "Smith & Williamson YM-B 10th"]
[Site "Witley"]
[Date "2000.07.17"]
[Round "1"]
[White "Hughes, Andrew"]
[Black "Charman, Chris"]
[Result "1-0"]
[WhiteElo "2039"]
[BlackElo "2108"]
[PlyCount "107"]
[EventDate "2000.07.17"]
[Source "www.chesslib.no"]
[SourceDate "2004.05.04"]

1. e4 e5 2. Nf3 Nc6 3. Bc4 Nf6 4. Ng5 d5 5. exd5 Na5 6. d3 h6 7. Nf3 e4 8. Qe2 Nxc4 9. dxc4 Bd6 10. h3 O-O 11. Nd4 Qe7 12. Be3 Bd7 13. Nd2 c6 14. dxc6 bxc6 15. O-O Rfe8 16. c3 Qe5 17. f4 exf3 18. Rxf3 Bg4 19. hxg4 Qh2+ 20. Kf1 Qh1+ 21. Bg1 Rxe2 22. Nxe2 Qh4 23. Rd3 Bc7 24. Rd4 Nxg4 25. Nf3 Qh5 26. Rd7 Bb6 27. Ned4 Ne5 28. Nxe5 Qxe5 29. Re1 Qf6+ 30. Bf2 c5 31. Nf3 Rd8 32. Rd5 g5 33. Kg1 g4 34. Bh4 Qg7 35. Bxd8 gxf3 36. Rd2 Bxd8 37. Rxd8+ Kh7 38. Rd2 Qg3 39. Rf1 Qg5 40. Rdf2 Qe3 41. gxf3 Qd3 42. Rg2 Qxc4 43. a3 Qf4 44. Rg4 Qe3+ 45. Rf2 h5 46. Re4 Qc1+ 47. Kh2 Kh6 48. f4 Qd1 49. Re5 Qg4 50. Rg5 Qh4+ 51. Kg2 f6 52. Rg3 f5 53. Rg5 c4 54. Rf1 1-0

[Event "Open (A)"]
[Site "?"]
[Date "2005.01.20"]
[Round "8"]
[White "Andersen Carsten"]
[Black "Kaplan Daniel"]
[Result "1/2-1/2"]
[WhiteElo "2025"]
[BlackElo "2118"]
[PlyCount "27"]
[EventDate "2005.??.??"]
[Source "www.chesslib.no"]
[SourceDate "2004.05.04"]

1. e4 e5 2. Nf3 Nc6 3. Bc4 Nf6 4. Ng5 d5 5. exd5 Na5 6. d3 h6 7. Nf3 e4 8. Qe2 Nxc4 9. dxc4 Qe7 10. Nfd2 Bg4 11. f3 Bf5 12. Nc3 exf3 13. Qxe7+ Bxe7 14. Nxf3 1/2-1/2

[Event "sen.ch-RUS -Damen- Seniors"]
[Site "?"]
[Date "2004.05.??"]
[Round "4"]
[White "Blagonadezhnaya Ideya"]
[Black "Grebenshikova Tatiana"]
[Result "1-0"]
[WhiteElo "2051"]
[BlackElo "2090"]
[PlyCount "67"]
[EventDate "2004.??.??"]
[Source "www.chesslib.no"]
[SourceDate "2004.05.04"]

1. e4 e5 2. Nf3 Nc6 3. Bc4 Nf6 4. Ng5 d5 5. exd5 Na5 6. d3 h6 7. Nf3 Bd6 8. Bd2 Nxc4 9. dxc4 O-O 10. Nc3 a6 11. Qe2 e4 12. Nd4 Be5 13. Nb3 Bg4 14. Qf1 Bh5 15. h3 Qd6 16. g4 Bg6 17. O-O-O c6 18. c5 Qd8 19. dxc6 Qc7 20. Na4 Qxc6 21. Nb6 Rad8 22. Be3 Nd5 23. Nxd5 Rxd5 24. Rxd5 Qxd5 25. Qd1 Rd8 26. Qxd5 Rxd5 27. c3 Bc7 28. Rd1 Rxd1+ 29. Kxd1 f5 30. Nd4 Kf7 31. Ke2 h5 32. Bg5 hxg4 33. hxg4 f4 34. b4 1-0

[Event "Douglas IOM"]
[Site "?"]
[Date "2005.08.05"]
[Round "5.29"]
[White "Dawson Jeff"]
[Black "Islam Kh. Aminul"]
[Result "0-1"]
[WhiteElo "1816"]
[BlackElo "2317"]
[PlyCount "70"]
[EventDate "2005.??.??"]
[Source "www.chesslib.no"]
[SourceDate "2004.05.04"]

1. e4 e5 2. Nf3 Nc6 3. Bc4 Nf6 4. Ng5 d5 5. exd5 Na5 6. d3 h6 7. Nf3 Nxc4 8. dxc4 e4 9. Nd4 Bd6 10. h3 O-O 11. Be3 a6 12. Nc3 Re8 13. Qe2 Bd7 14. a3 Qe7 15. b4 b6 16. Rd1 Be5 17. Qd2 a5 18. Nce2 Nh7 19. c3 Nf8 20. Nf4 Qf6 21. Nde2 axb4 22. axb4 g5 23. Nh5 Qg6 24. g4 f5 25. h4 f4 26. Bxf4 gxf4 27. Nhxf4 e3 28. Qxe3 Bxf4 29. Qxf4 Ra2 30. Kf1 Rexe2 31. Rh2 Bxg4 32. h5 Rxf2+ 33. Rxf2 Bh3+ 34. Ke1 Qe8+ 35. Re2 Rxe2# 0-1

[Event "Montréal"]
[Site "?"]
[Date "2003.12.13"]
[Round "2"]
[White "Prahov Valentin"]
[Black "Paduano Gennaro"]
[Result "1-0"]
[WhiteElo "2197"]
[BlackElo "1936"]
[PlyCount "51"]
[EventDate "2003.??.??"]
[Source "www.chesslib.no"]
[SourceDate "2004.05.04"]

1. e4 e5 2. Nf3 Nc6 3. Bc4 Nf6 4. Ng5 d5 5. exd5 Na5 6. d3 h6 7. Nf3 Bg4 8. h3 Bh5 9. g4 e4 10. gxh5 exf3 11. Qxf3 Nxc4 12. dxc4 Qe7+ 13. Be3 Qb4+ 14. Nd2 Qxb2 15. Rb1 Qxc2 16. Rxb7 Bd6 17. O-O O-O 18. Kh1 Rfe8 19. Rg1 Rxe3 20. Qxe3 Nxh5 21. Rgb1 c5 22. dxc6 Bf4 23. Qf3 Qxd2 24. Qxh5 g6 25. Qd5 Qc3 26. Qxf7+ 1-0

[Event "Wattens op 15th"]
[Site "Wattens"]
[Date "2000.08.26"]
[Round "1"]
[White "Sachsenhofer, Wolfgang"]
[Black "Pilz, Dieter"]
[Result "0-1"]
[WhiteElo "1821"]
[BlackElo "2312"]
[PlyCount "48"]
[EventDate "2000.08.26"]
[Source "www.chesslib.no"]
[SourceDate "2004.05.04"]

1. e4 e5 2. Nf3 Nc6 3. Bc4 Nf6 4. Ng5 d5 5. exd5 Na5 6. d3 h6 7. Nf3 Nxc4 8. dxc4 e4 9. Nd4 Bd6 10. h3 O-O 11. O-O a6 12. Be3 Qe7 13. Qd2 Re8 14. Bf4 Bxf4 15. Qxf4 Qc5 16. Rd1 Qxc4 17. Nc3 Nxd5 18. Nxd5 Qxd5 19. Qxc7 Qg5 20. Kh2 Re5 21. Rf1 Qf4+ 22. g3 Qf6 23. Ne2 Bxh3 24. Qxb7 Rae8 0-1

[Event "Birch Run, Mich."]
[Site "?"]
[Date "1992.04.25"]
[Round "4"]
[White "Calton Bill"]
[Black "Moody David"]
[Result "0-1"]
[WhiteElo "2118"]
[BlackElo "2004"]
[PlyCount "78"]
[EventDate "1992.??.??"]
[Source "www.chesslib.no"]
[SourceDate "2004.05.04"]

1. e4 e5 2. Nf3 Nc6 3. Bc4 Nf6 4. Ng5 d5 5. exd5 Na5 6. d3 h6 7. Nf3 e4 8. Qe2 Nxc4 9. dxc4 Bd6 10. Nd4 O-O 11. Nc3 Bg4 12. Qf1 Bc5 13. Nb3 Bb4 14. Bd2 Re8 15. h3 Bh5 16. Rg1 e3 17. Bxe3 Rxe3+ 18. fxe3 Ne4 19. Qf4 Nxc3 20. bxc3 Bxc3+ 21. Kf2 g5 22. Qf5 Bg6 23. Qf3 Bxa1 24. Rxa1 Bxc2 25. Nd4 Bg6 26. Re1 Qe7 27. e4 Re8 28. e5 Qc5 29. Qc3 b5 30. Re3 bxc4 31. e6 Qxd5 32. exf7+ Qxf7+ 33. Rf3 Qe7 34. Qxc4+ Bf7 35. Qc3 c5 36. Nf5 Qe2+ 37. Kg1 Qe1+ 38. Qxe1 Rxe1+ 39. Kf2 Re6 0-1

[Event "Bad Koenigshofen"]
[Site "?"]
[Date "2006.08.04"]
[Round "1.5"]
[White "Schulz Stefanie"]
[Black "Kube Hannelore"]
[Result "0-1"]
[WhiteElo "2125"]
[BlackElo "1990"]
[PlyCount "92"]
[EventDate "2006.??.??"]
[Source "www.chesslib.no"]
[SourceDate "2004.05.04"]

1. e4 e5 2. Nf3 Nc6 3. Bc4 Nf6 4. Ng5 d5 5. exd5 Na5 6. d3 Be7 7. O-O O-O 8. Qe1 Nxc4 9. dxc4 b5 10. cxb5 Nxd5 11. Qe4 Bxg5 12. Bxg5 Qxg5 13. Qxd5 Be6 14. Qc6 Rad8 15. Nc3 Rd4 16. Rfe1 Rfd8 17. Qxc7 Bh3 18. Qc6 Bxg2 19. Qxg2 Rg4 20. Qg3 Rxg3+ 21. hxg3 h5 22. Rad1 Rxd1 23. Rxd1 h4 24. Ne4 Qg4 25. f3 Qg6 26. Rd8+ Kh7 27. Rd6 f6 28. g4 Qe8 29. c4 Qc8 30. b3 Kg8 31. Kh2 f5 32. Ng5 fxg4 33. fxg4 Qf8 34. Ne4 Qf4+ 35. Kh3 Qxe4 36. Kxh4 Qf4 37. Rc6 e4 38. c5 e3 39. Re6 Qf2+ 40. Kg5 e2 41. c6 e1=Q 42. Rxe1 Qxe1 43. Kf5 Kf7 44. a4 Qe6+ 45. Kf4 Qxb3 46. Ke5 Qg3+ 0-1

[Event "It (Open)"]
[Site "?"]
[Date "2005.10.24"]
[Round "2"]
[White "Windels Jan"]
[Black "Vandemeulebrouck Renaud"]
[Result "0-1"]
[WhiteElo "2001"]
[BlackElo "2102"]
[PlyCount "38"]
[EventDate "2005.??.??"]
[Source "www.chesslib.no"]
[SourceDate "2004.05.04"]

1. e4 e5 2. Nf3 Nc6 3. Bc4 Nf6 4. Ng5 d5 5. exd5 Na5 6. d3 h6 7. Nf3 e4 8. Qe2 Nxc4 9. dxc4 Bc5 10. Nfd2 O-O 11. h3 e3 12. fxe3 Bxe3 13. Kd1 Re8 14. Qf3 c6 15. Re1 Ng4 16. hxg4 Qh4 17. Qh3 Bxg4+ 18. Nf3 Qxe1+ 19. Kxe1 Bxc1+ 0-1

[Event "Smith & Williamson YM-B 10th"]
[Site "Witley"]
[Date "2000.07.20"]
[Round "7"]
[White "Hughes, Andrew"]
[Black "Jones, Stephen"]
[Result "1-0"]
[WhiteElo "2039"]
[BlackElo "2030"]
[PlyCount "62"]
[EventDate "2000.07.17"]
[Source "www.chesslib.no"]
[SourceDate "2004.05.04"]

1. e4 e5 2. Nf3 Nc6 3. Bc4 Nf6 4. Ng5 d5 5. exd5 Na5 6. d3 h6 7. Nf3 e4 8. Qe2 Nxc4 9. dxc4 Bc5 10. h3 O-O 11. Nh2 e3 12. Bxe3 Bxe3 13. fxe3 Ne4 14. O-O Ng3 15. Qf3 Nxf1 16. Nxf1 Qd6 17. Nbd2 Qg6 18. e4 Qb6+ 19. Ne3 Qxb2 20. Rf1 Qxa2 21. e5 Qa3 22. Ne4 Qe7 23. Qg3 Kh8 24. c5 a5 25. d6 cxd6 26. cxd6 Qd8 27. Nd5 b6 28. Ne7 Be6 29. Ng5 Qd7 30. Qh4 Rae8 31. Rf6 gxf6 1-0

[Event "Barnstaple Open"]
[Site "Barnstaple"]
[Date "1972.??.??"]
[Round "4"]
[White "Speigel, JA."]
[Black "Berry, Stephen"]
[Result "0-1"]
[WhiteElo "1885"]
[BlackElo "2160"]
[PlyCount "92"]
[EventDate "1972.??.??"]
[Source "www.chesslib.no"]
[SourceDate "2004.05.04"]

1. e4 e5 2. Bc4 Nf6 3. Nf3 Nc6 4. Ng5 d5 5. exd5 Na5 6. d3 h6 7. Nf3 e4 8. Qe2 Nxc4 9. dxc4 Bc5 10. c3 Bg4 11. h3 Bxf3 12. gxf3 O-O 13. Be3 Bxe3 14. fxe3 Nh5 15. Qf2 b5 16. fxe4 Qe7 17. Nd2 bxc4 18. O-O-O Nf6 19. Rhg1 Rae8 20. Rdf1 Nxe4 21. Qf4 Kh7 22. Nxe4 Qxe4 23. Qxe4+ Rxe4 24. Rf4 Rxf4 25. exf4 Re8 26. f5 Re4 27. Kd2 h5 28. Re1 Rf4 29. Re7 Rxf5 30. Rxc7 Rxd5+ 31. Ke3 Rd3+ 32. Kf4 Rxh3 33. Rxf7 Kh6 34. Rxa7 g5+ 35. Ke5 g4 36. Kf5 Rf3+ 37. Ke4 Rf2 38. Rb7 g3 39. Ke3 Rf1 40. Rb6+ Kg5 41. Rb8 Kh4 42. Rg8 Kh3 43. Kd4 g2 44. Kxc4 Rf4+ 45. Kd5 Rg4 46. Rh8 Rg5+ 0-1

[Event "Jyvaskula-Hevesi m"]
[Site "?"]
[Date "2001.08.16"]
[Round "1.4"]
[White "Bakos Balasz"]
[Black "Herranen Matti"]
[Result "0-1"]
[WhiteElo "2052"]
[BlackElo "1993"]
[PlyCount "105"]
[EventDate "2001.??.??"]
[Source "www.chesslib.no"]
[SourceDate "2004.05.04"]

1. e4 e5 2. Nf3 Nc6 3. Bc4 Nf6 4. Ng5 d5 5. exd5 Na5 6. d3 Bc5 7. Nc3 O-O 8. Nge4 Nxe4 9. Nxe4 Be7 10. Bd2 Nxc4 11. dxc4 f5 12. Nc3 a6 13. Qe2 Bf6 14. O-O-O b5 15. h4 Bd7 16. Rdg1 c6 17. h5 b4 18. Nd1 Qa5 19. Kb1 cxd5 20. cxd5 Qxd5 21. Ne3 Qc6 22. g4 f4 23. Nc4 Rfc8 24. g5 Be7 25. Nxe5 Qxc2+ 26. Ka1 Bf5 27. g6 h6 28. Rc1 Qa4 29. Nc6 Rxc6 30. Rxc6 Qxc6 31. Rc1 Qe4 32. Qxe4 Bxe4 33. Re1 Rd8 34. Bc1 Rc8 35. Bxf4 Bg5 36. Bxg5 hxg5 37. b3 Bf3 38. Re5 Bxh5 39. Rxg5 Be2 40. f4 Rf8 41. Rd5 Rxf4 42. Rd8+ Rf8 43. Rd4 Rf6 44. Rd8+ Rf8 45. Rd4 Rb8 46. Kb2 Bh5 47. Rd6 a5 48. a3 Kf8 49. Ra6 Rb5 50. Ra8+ Ke7 51. Ra6 Bg4 52. axb4 axb4 53. Rc6 0-1

[Event "URS-chT"]
[Site "Moscow"]
[Date "1972.??.??"]
[Round "?"]
[White "Alekhina, Natalia V"]
[Black "Zubova, Natalia S"]
[Result "1-0"]
[WhiteElo "2020"]
[BlackElo "2000"]
[PlyCount "47"]
[EventDate "1972.??.??"]
[Source "ChessBase"]

1. e4 e5 2. Nf3 Nc6 3. Bc4 Nf6 4. Ng5 d5 5. exd5 Na5 6. d3 h6 7. Nf3 e4 8. Qe2 Nxc4 9. dxc4 Be7 10. Nfd2 O-O 11. Nxe4 Nxe4 12. Qxe4 Bb4+ 13. Kd1 Re8 14. Qd3 Qf6 15. Be3 Bf5 16. Qb3 a5 17. Nd2 c5 18. a4 Bxd2 19. Kxd2 Qg6 20. Rhg1 b6 21. Rae1 Re7 22. h3 Rae8 23. g4 Be4 24. Rg3 1-0

[Event "Fortaleza Capablanca op"]
[Site "?"]
[Date "2000.??.??"]
[Round "?"]
[White "Capiberibe Andre"]
[Black "Nicolau de Araujo Jose"]
[Result "0-1"]
[WhiteElo "1955"]
[BlackElo "1980"]
[PlyCount "54"]
[EventDate "2000.??.??"]
[Source "www.chesslib.no"]
[SourceDate "2004.05.04"]

1. e4 e5 2. Bc4 Nc6 3. Nf3 Nf6 4. Ng5 d5 5. exd5 Na5 6. d3 Bg4 7. f3 Bd7 8. Qe2 Bd6 9. Ne4 b5 10. Bb3 Nxb3 11. axb3 Nxd5 12. Be3 O-O 13. Rxa7 Rxa7 14. Bxa7 Nf4 15. Qf2 Bb4+ 16. Nbd2 f5 17. Bc5 fxe4 18. Bxb4 e3 19. Qg3 exd2+ 20. Bxd2 Qa8 21. Kf2 Bc6 22. Re1 Nxg2 23. Qxg2 Rxf3+ 24. Kg1 Qa7+ 25. Kh1 Qf2 26. Rg1 Qxg2+ 27. Kxg2 Rxd3+ 0-1

[Event "US op 98th"]
[Site "?"]
[Date "1997.08.13"]
[Round "8"]
[White "Berry Jim"]
[Black "Olson Courtney"]
[Result "1-0"]
[WhiteElo "2040"]
[BlackElo "1740"]
[PlyCount "59"]
[EventDate "1997.??.??"]
[Source "www.chesslib.no"]
[SourceDate "2004.05.04"]

1. e4 e5 2. Nf3 Nc6 3. Bc4 Nf6 4. Ng5 d5 5. exd5 Na5 6. d3 Nxd5 7. Qf3 Be6 8. Nxe6 fxe6 9. Qh5+ Kd7 10. Bxd5 exd5 11. Qf5+ Kd6 12. Bg5 Qd7 13. Qf3 b6 14. Nc3 c6 15. b4 Nb7 16. b5 Nd8 17. O-O Ne6 18. bxc6 Qxc6 19. Bd2 Be7 20. a4 Nd4 21. Nb5+ Nxb5 22. axb5 Qxb5 23. c4 dxc4 24. dxc4 Qd7 25. c5+ bxc5 26. Ra6+ Kc7 27. Ba5+ Kb8 28. Rb1+ Qb5 29. Rxb5+ Kc8 30. Qh3# 1-0

[Event "III Campionato Ue"]
[Site "Arvier ITA"]
[Date "2007.06.23"]
[Round "9.45"]
[White "Bisignano, Giuseppe"]
[Black "Garofalo, Sergio"]
[Result "0-1"]
[WhiteElo "1928"]
[BlackElo "1812"]
[PlyCount "76"]
[EventDate "2007.06.15"]
[Source "www.chesslib.no"]
[SourceDate "2004.05.04"]

1. e4 e5 2. Nf3 Nc6 3. Bc4 Nf6 4. Ng5 d5 5. exd5 Na5 6. d3 Nxc4 7. dxc4 Bc5 8. O-O O-O 9. Nc3 Ng4 10. Qd3 f5 11. Qh3 h6 12. Nf3 e4 13. Ne1 Bd7 14. b4 Bd4 15. Rb1 f4 16. Qh5 Bf5 17. Bxf4 g6 18. Qh3 Nxf2 19. Qg3 Nd1+ 20. Kh1 Nxc3 21. Bxc7 Qe8 22. Rb3 Ne2 23. Qh4 Kg7 24. Bd6 Rf6 25. g4 g5 26. Qh3 Bxg4 27. Qg2 Rxf1+ 28. Qxf1 Be5 29. Bc5 b6 30. Be3 Qh5 31. Qg2 Rf8 32. Bf2 Rf3 33. Re3 Rxe3 34. Bxe3 Bf3 35. Nxf3 exf3 36. Qf2 Ng3+ 37. Kg1 Ne4 38. d6 Nxf2 0-1

[Event "C1998P.016"]
[Site "IECG email"]
[Date "1998.??.??"]
[Round "?"]
[White "Escera, Carlos"]
[Black "Delaruelle, Christian"]
[Result "1-0"]
[WhiteElo "1790"]
[BlackElo "1940"]
[PlyCount "65"]
[EventDate "1998.??.??"]
[Source "www.chesslib.no"]
[SourceDate "2004.05.04"]

1. e4 e5 2. Nf3 Nc6 3. Bc4 Nf6 4. Ng5 d5 5. exd5 Na5 6. d3 Nxc4 7. dxc4 h6 8. Nf3 e4 9. Nd4 Bd6 10. Nc3 O-O 11. O-O Bg4 12. Qd2 Re8 13. Re1 Bc5 14. Na4 e3 15. Rxe3 Bd6 16. h3 Bd7 17. Nc3 c5 18. dxc6 Bxc6 19. Nxc6 bxc6 20. Rxe8+ Nxe8 21. Ne4 Qe7 22. Nxd6 Nxd6 23. Qb4 a5 24. Qc5 Qe1+ 25. Kh2 Rd8 26. Bxh6 Qxa1 27. Qg5 Qxb2 28. Qxd8+ Kh7 29. Qxd6 gxh6 30. Qd3+ Kg8 31. a3 Qb8+ 32. Qg3+ Qxg3+ 33. Kxg3 1-0

[Event "Jyvaskula-Hevesi m"]
[Site "?"]
[Date "2001.08.16"]
[Round "1.6"]
[White "Besnyo Marton"]
[Black "Kainulainen Joona"]
[Result "0-1"]
[WhiteElo "1867"]
[BlackElo "1862"]
[PlyCount "60"]
[EventDate "2001.??.??"]
[Source "www.chesslib.no"]
[SourceDate "2004.05.04"]

1. e4 e5 2. Nf3 Nc6 3. Bc4 Nf6 4. Ng5 d5 5. exd5 Na5 6. d3 h6 7. Nf3 Bg4 8. O-O e4 9. Qe2 Nxc4 10. dxc4 Be7 11. Re1 exf3 12. gxf3 Bh3 13. b3 Qd7 14. Ba3 O-O 15. Bxe7 Rfe8 16. Nc3 Qf5 17. Qe5 Rxe7 18. Qxf5 Rxe1+ 19. Rxe1 Bxf5 20. Ne4 Ne8 21. c5 Rd8 22. c4 Kf8 23. Kg2 Nf6 24. Kg3 Nh5+ 25. Kh4 Nf4 26. Rd1 g5+ 27. Nxg5 Ng6+ 28. Kh5 hxg5 29. Kxg5 Bh3 30. d6 Kg7 0-1

[Event "1-D-186 corr"]
[Site "1-D-186 corr"]
[Date "1983.??.??"]
[Round "?"]
[White "Cesaro, M."]
[Black "Mauro, Lucio"]
[Result "0-1"]
[WhiteElo "1795"]
[BlackElo "1850"]
[PlyCount "48"]
[EventDate "1983.??.??"]
[Source "www.chesslib.no"]
[SourceDate "2004.05.04"]

1. e4 e5 2. Nf3 Nc6 3. Bc4 Nf6 4. Ng5 d5 5. exd5 Na5 6. d3 h6 7. Nf3 e4 8. Qe2 Nxc4 9. dxc4 Bc5 10. Nfd2 O-O 11. Nb3 Bg4 12. Qf1 Bb4+ 13. Bd2 Bxd2+ 14. N1xd2 Re8 15. h3 Bh5 16. g4 e3 17. gxh5 exd2+ 18. Kxd2 Ne4+ 19. Kd3 Qf6 20. f3 Ng3 21. Qg2 Qf5+ 22. Kc3 Re3+ 23. Kb4 a5+ 24. Nxa5 Qf6 0-1

[Event "Essen (04.03.-20.03)"]
[Site "?"]
[Date "2002.03.12"]
[Round "5"]
[White "Pooth Richard"]
[Black "Matthias Kurt"]
[Result "1-0"]
[WhiteElo "1853"]
[BlackElo "1760"]
[PlyCount "65"]
[EventDate "2002.??.??"]
[Source "www.chesslib.no"]
[SourceDate "2004.05.04"]

1. e4 e5 2. Nf3 Nc6 3. Bc4 Nf6 4. Ng5 d5 5. exd5 Na5 6. d3 b6 7. Nf3 Nxc4 8. dxc4 e4 9. Nd4 Bg4 10. f3 exf3 11. gxf3 Qe7+ 12. Kf2 Ne4+ 13. Kg2 Bh3+ 14. Kg1 Qf6 15. fxe4 Qg6+ 16. Kf2 Bc5 17. Rg1 Qf6+ 18. Ke3 O-O-O 19. c3 g5 20. Qf3 Qg6 21. Qxh3+ Kb8 22. Qf5 Qh5 23. Rg2 Rhe8 24. Kd3 Bxd4 25. cxd4 Qd1+ 26. Nd2 Re7 27. Qf3 Qa4 28. b3 Qd7 29. Ba3 Ree8 30. Rf1 a6 31. Qxf7 Qh3+ 32. Qf3 Qh4 33. Qg4 1-0

[Event "Berlin GER"]
[Site "?"]
[Date "2003.04.04"]
[Round "2.4"]
[White "Schulz Stefanie"]
[Black "Rotermund Verena"]
[Result "1-0"]
[WhiteElo "1817"]
[BlackElo "1792"]
[PlyCount "119"]
[EventDate "2003.??.??"]
[Source "www.chesslib.no"]
[SourceDate "2004.05.04"]

1. e4 e5 2. Nf3 Nc6 3. Bc4 Nf6 4. Ng5 d5 5. exd5 Na5 6. d3 h6 7. Nf3 e4 8. Qe2 Nxc4 9. dxc4 Bc5 10. Nfd2 O-O 11. O-O Bg4 12. Qe1 Re8 13. Nb3 Bd6 14. h3 Bh5 15. Be3 b6 16. Qd2 Qd7 17. Nd4 Bf3 18. Ne2 Qf5 19. Ng3 Qg6 20. Bf4 Bxf4 21. Qxf4 Nh5 22. Qh4 Nxg3 23. Qxg3 Qxg3 24. fxg3 Be2 25. Re1 Bxc4 26. Nc3 e3 27. b3 Ba6 28. Ne2 b5 29. c3 Rad8 30. a4 bxa4 31. Rxa4 Bxe2 32. Rxe2 Rxd5 33. Rxa7 Rd2 34. Re1 Re7 35. b4 Rc2 36. b5 Rb2 37. c4 Rb4 38. Kf1 f5 39. Rc1 Kf7 40. Ra2 g5 41. Ke2 Rb3 42. Rac2 f4 43. gxf4 gxf4 44. Rf1 Re4 45. g3 Ke6 46. Rxf4 Rxf4 47. gxf4 Kf5 48. Kf3 e2+ 49. Kxe2 Rxh3 50. c5 Kxf4 51. b6 cxb6 52. c6 Re3+ 53. Kd2 Re8 54. Kc3 Rc8 55. Kb4 Ke5 56. Kb5 Kd6 57. Rd2+ Kc7 58. Rd7+ Kb8 59. Kxb6 Rh8 60. Ra7 1-0

[Event "Bader mem op"]
[Site "?"]
[Date "2000.10.22"]
[Round "6.16"]
[White "Bakos Balasz"]
[Black "Gomori Zoltan"]
[Result "1-0"]
[WhiteElo "1542"]
[BlackElo "1964"]
[PlyCount "105"]
[EventDate "2000.??.??"]
[Source "www.chesslib.no"]
[SourceDate "2004.05.04"]

1. e4 e5 2. Nf3 Nc6 3. Bc4 Nf6 4. Ng5 d5 5. exd5 Na5 6. d3 h6 7. Nf3 e4 8. Qe2 Nxc4 9. dxc4 Qe7 10. Nfd2 Bg4 11. f3 exf3 12. Qxe7+ Bxe7 13. Nxf3 O-O-O 14. h3 Bh5 15. O-O Bc5+ 16. Kh1 Ne4 17. Re1 Rhe8 18. Kh2 Bxf3 19. gxf3 Ng5 20. Rxe8 Rxe8 21. Bxg5 Re2+ 22. Kg3 hxg5 23. Nc3 Bd6+ 24. Kg4 Rg2+ 25. Kf5 Rg3 26. Ne4 Rxf3+ 27. Kxg5 f6+ 28. Kg6 Be5 29. Nc5 f5 30. Re1 b6 31. Rxe5 bxc5 32. Re2 f4 33. Kxg7 Rg3+ 34. Kf6 f3 35. Rf2 Rxh3 36. Kf5 Kd7 37. Kg4 Rh8 38. Rxf3 Rg8+ 39. Kh3 Kd6 40. Rg3 Rh8+ 41. Kg2 Ke5 42. Kf3 Rf8+ 43. Ke3 Rf1 44. Rg8 Re1+ 45. Kd2 Re4 46. Ra8 Rxc4 47. Rxa7 Kxd5 48. Rxc7 Rd4+ 49. Kc3 Rc4+ 50. Kb3 Rb4+ 51. Ka3 Kc4 52. b3+ Kc3 53. Rxc5+ 1-0

[Event "Essen (04.04.-20.04)"]
[Site "?"]
[Date "2005.04.18"]
[Round "7.14"]
[White "Liszka Guenter"]
[Black "Matthias Kurt"]
[Result "0-1"]
[WhiteElo "1777"]
[BlackElo "1720"]
[PlyCount "94"]
[EventDate "2005.??.??"]
[Source "www.chesslib.no"]
[SourceDate "2004.05.04"]

1. e4 e5 2. Nf3 Nc6 3. Bc4 Nf6 4. Ng5 d5 5. exd5 Na5 6. d3 Nxc4 7. dxc4 h6 8. Nf3 e4 9. Qe2 Be7 10. Nd4 a6 11. Be3 Bb4+ 12. c3 Be7 13. h3 Bd6 14. O-O Bd7 15. f4 c5 16. dxc6 bxc6 17. Nd2 c5 18. N4b3 Qc7 19. Qf2 Rc8 20. Nc1 O-O 21. a3 a5 22. Ne2 Rfe8 23. Qh4 Be7 24. Qf2 a4 25. f5 h5 26. Nf4 Qe5 27. Rad1 Bd6 28. Nb1 Bxf5 29. Qg3 g6 30. Kf2 Be6 31. Nd2 Kh7 32. Ne2 Qf5+ 33. Bf4 Bxf4 34. Qxf4 e3+ 35. Kg1 exd2 36. Qxf5 Bxf5 37. Ng3 Rcd8 38. Nxf5 gxf5 39. Rxf5 Kg6 40. Rff1 Ne4 41. Kh2 f5 42. h4 Nf6 43. Kg3 Rd3+ 44. Rf3 Re1 45. Rxd3 Ne4+ 46. Kf4 Rxd1 47. Ke5 Rb1 0-1

[Event "Klatovy op-B"]
[Site "Klatovy"]
[Date "1997.??.??"]
[Round "?"]
[White "Rerabek, Jaroslav"]
[Black "Konicek, J."]
[Result "1-0"]
[WhiteElo "1655"]
[BlackElo "1825"]
[PlyCount "77"]
[EventDate "1997.??.??"]
[Source "www.chesslib.no"]
[SourceDate "2004.05.04"]

1. e4 e5 2. Nf3 Nc6 3. Bc4 Nf6 4. Ng5 d5 5. exd5 Na5 6. d3 h6 7. Nf3 Bd6 8. Nc3 a6 9. a4 Nxc4 10. dxc4 Bg4 11. h3 Bh5 12. Qe2 Qe7 13. Ne4 Nxe4 14. Qxe4 Bg6 15. Qe2 O-O 16. O-O e4 17. Nh2 f5 18. f4 h5 19. Be3 Be8 20. Bd4 g5 21. g3 gxf4 22. gxf4 Kh7 23. Qf2 Rg8+ 24. Kh1 c6 25. b3 Qf7 26. c5 Qxd5 27. Qe3 Be7 28. Nf3 Kh6 29. Ne5 h4 30. Rg1 Bh5 31. c4 Qe6 32. Rxg8 Rxg8 33. Rg1 Kh7 34. Kh2 Bf6 35. Nd7 Bxd4 36. Qxd4 Rxg1 37. Nf8+ Kg8 38. Nxe6 Rg6 39. Qd8+ 1-0

[Event "Corr"]
[Site "?"]
[Date "2002.09.23"]
[Round "?"]
[White "Quaranta Cristiano"]
[Black "Bertel Michael"]
[Result "0-1"]
[WhiteElo "1578"]
[BlackElo "1895"]
[PlyCount "78"]
[EventDate "2002.??.??"]
[Source "www.chesslib.no"]
[SourceDate "2004.05.04"]

1. e4 e5 2. Nf3 Nc6 3. Bc4 Nf6 4. Ng5 d5 5. exd5 Na5 6. d3 Nxc4 7. dxc4 c6 8. dxc6 Qxd1+ 9. Kxd1 Bd6 10. Nc3 bxc6 11. Nge4 Nxe4 12. Nxe4 Be7 13. Re1 Bg4+ 14. f3 Rd8+ 15. Bd2 Be6 16. b3 g5 17. Ke2 g4 18. Bc3 gxf3+ 19. gxf3 f6 20. f4 exf4 21. Kf3 Kf7 22. Rad1 Rxd1 23. Rxd1 Rg8 24. Nd6+ Kf8 25. Rd2 Bg4+ 26. Kxf4 f5 27. Rd3 Be2 28. Rd4 Rg4+ 29. Ke5 Rg6 30. Nxf5 Bf6+ 31. Ke4 Bxd4 32. Bxd4 a6 33. c3 Rg4+ 34. Ke3 Rg2 35. Be5 Bd1 36. Nd4 Rxa2 37. b4 Ba4 38. h4 Ke7 39. Nf3 a5 0-1